| 000 | 00505nam a22001697a 4500 | ||
|---|---|---|---|
| 999 |
_c40585 _d40585 |
||
| 003 | OSt | ||
| 005 | 20201231120955.0 | ||
| 008 | 191011b ||||| |||| 00| 0 eng d | ||
| 020 | _a9788182675803 | ||
| 040 | _coclc | ||
| 082 |
_a894.812301 _bPRA/O |
||
| 100 |
_aPrabhakaran, N _97828 |
||
| 245 |
_aOru Thoniyude Athmakathayil Ninnu / _cN Prabhakaran |
||
| 260 |
_aKozhikode: _bMathrubhumi Books, _c2018. |
||
| 300 | _a95p | ||
| 942 |
_2ddc _cBK _h894.812301 _iPRA/O _k894.812301 _mPRA/O |
||